| 000 | 00540cam a22002291 4500 | ||
|---|---|---|---|
| 001 | ne 65002374 | ||
| 003 | DLC | ||
| 005 | 20260227111818.0 | ||
| 008 | 890514q xx 000 0 ara | ||
| 010 | _ane 65002374 | ||
| 035 | _a(OCoLC)23500971 | ||
| 040 |
_aDLC _cMiU _dDLC |
||
| 042 | _apremarc | ||
| 050 | 0 | 0 |
_aBP165 _b.G46 1965 |
| 100 | 1 | _aGhazzālī, Muḥammad. | |
| 245 | 1 | 0 | _aFī mawkib al-daʻwah. |
| 260 | _c.1965 | ||
| 300 |
_a302 p. _c22 cm. |
||
| 500 | _aRomanized. | ||
| 650 | 0 | _aIslam. | |
| 650 | 0 | _aDaʻwah (Islam) | |
| 999 |
_c48505 _d48505 |
||